000 00903nam a2200289 i 4500
001 000016545
003 DO-SdBNP
005 20251010103452.0
007 ta
008 100308s1978 dr 000 0 spa d
040 _aDO-SdBNP
_bspa
_cBNPHU
_erda
041 _aspa
049 _aBNPD
082 4 _a352.48
_bM294c 1978
_222
245 0 0 _aManual de clasificaciones presupuestarias 1979
250 _aCuarta edición
264 1 _aSanto Domingo :
_bOficina Nacional de Presupuesto,
_c1978.
300 _a125 páginas ;
_c22 cm.
336 _atexto
_btxt
_2rdacontent
337 _asin mediación
_bn
_2rdamedia
338 _avolumen
_bnc
_2rdacarrier
500 _aIncluye referencias bibliográficas y notas al pie de las páginas
590 _aInventariado, 2025/BT
650 4 _aPresupuesto
_xClasificación
_935882
650 4 _aPresupuesto
_zRepública Dominicana
_97940
942 _2ddc
_cLBS1
999 _c16078
_d16078